Hard times / (Record no. 80721)
[ view plain ]
| 000 -LEADER | |
|---|---|
| fixed length control field | 00695nam a2200229 a 4500 |
| 001 - CONTROL NUMBER | |
| control field | 80721 |
| 003 - CONTROL NUMBER IDENTIFIER | |
| rucl marc code | BD-RjUL |
| 005 - DATE AND TIME OF LATEST TRANSACTION | |
| control field | 20221106120810.0 |
| 008 - FIXED-LENGTH DATA ELEMENTS--GENERAL INFORMATION | |
| fixed length control field | 221106r19541907enk 000 1 eng d |
| 035 ## - SYSTEM CONTROL NUMBER | |
| System control number | oxf98221228 |
| System control number | (BD-RjUL)80721 |
| 040 ## - CATALOGING SOURCE | |
| Original cataloging agency | IAY |
| Transcribing agency | IAY |
| Language of cataloging | eng |
| Modifying agency | BD-RjUL |
| 041 ## - LANGUAGE CODE | |
| Language code of text/sound track or separate title | eng |
| 082 ## - DEWEY DECIMAL CLASSIFICATION NUMBER | |
| Edition number | 23 |
| Classification number | 823.8 |
| Author mark and year | DIH 1954 |
| 100 1# - MAIN ENTRY--PERSONAL NAME | |
| Personal name | Dickens, Charles, |
| Dates associated with a name | 1812-1870. |
| 9 (RLIN) | 2265 |
| 245 10 - TITLE STATEMENT | |
| Title | Hard times / |
| Statement of responsibility, etc. | Charles Dickens ; introd. by G.K. Chesterton |
| 260 ## - PUBLICATION, DISTRIBUTION, ETC. (IMPRINT) | |
| Place of publication, distribution, etc. | London ; |
| -- | New York : |
| Name of publisher, distributor, etc. | J.M. Dent ; |
| -- | E.P. Dutton, |
| Date of publication, distribution, etc. | 1907 [reprinted 1954] |
| 300 ## - PHYSICAL DESCRIPTION | |
| Pagination | xiv, 272 p.; |
| Size | 18 cm. |
| 490 1# - SERIES STATEMENT | |
| Series statement | Everyman's library ; |
| Volume/sequential designation | 292 |
| 830 #0 - SERIES ADDED ENTRY--UNIFORM TITLE | |
| Uniform title | Everyman's library ; |
| Volume number/sequential designation | 292. |
| 942 ## - ADDED ENTRY ELEMENTS (KOHA) | |
| Source of classification or shelving scheme | Dewey Decimal Classification |
| Koha item type | Books |
| Lost status | Source of classification or shelving scheme | Damaged status | Not for loan | Collection code | Permanent Location | Current Location | Shelving location | Date acquired | Total Checkouts | Full call number | Date last seen | Copy number | Koha item type | Source of acquisition |
|---|---|---|---|---|---|---|---|---|---|---|---|---|---|---|
| Dewey Decimal Classification | Not For Loan | Fiction | Central Library, University of Rajshahi | Central Library, University of Rajshahi | Reading Room | 06/11/2022 | 823.8 DIH 1954 | 06/11/2022 | C-1 | Books | ||||
| Dewey Decimal Classification | Non-fiction | Central Library, University of Rajshahi | Central Library, University of Rajshahi | General Stacks | 23/06/2008 | 823.8 DIH 1954 | 27/12/2023 | C-2 | Books | Repleced by Nazrul Haque Deputy Registrar rul | ||||
| Dewey Decimal Classification | Fiction | Central Library, University of Rajshahi | Central Library, University of Rajshahi | General Stacks | 07/02/2024 | 823.8 DIH 1954 | 07/02/2024 | C-3 | Books |